| 000 | 00602nam a2200217Ia 4500 | ||
|---|---|---|---|
| 003 | GCL | ||
| 008 | 140319s9999 xx 000 0 ara d | ||
| 040 |
_aGCL / _cGCL |
||
| 082 | 0 | 4 |
_a615.53 _bه ا |
| 100 | 1 | _aهاشم القزوينى | |
| 245 | 1 | 0 |
_aالوقاية والعلاج / _cهاشم القزوينى |
| 250 | _aالثانية | ||
| 260 |
_aبيروت : _bدار الفردوس ، _c1993 |
||
| 300 |
_a195 ص ؛ _c24 سم |
||
| 490 | _a | ||
| 650 | 0 | 4 | _aالامراض |
| 650 | 0 | 4 | _aالعلاج |
| 650 | 0 | 4 | _aالصحة العامة |
| 650 | 0 | 4 | _aالوقاية |
| 942 |
_2ddc _cBK |
||
| 999 |
_c35534 _d35534 |
||